Způsoby vidění /

Salvato in:
Dettagli Bibliografici
Autori principali: Berger, John (Autore), Blomberg, Sven (Autore), Fox, Chris (Autore), Dibbe, Michael (Autore), Hollis, Richard (Autore)
Natura: Libro
Lingua:ceco
Pubblicazione: Praha : Nakladatelství Labyrint, 2016
Edizione:1. vydanie
Soggetti:
Tags: Aggiungi Tag
Nessun Tag, puoi essere il primo ad aggiungerne!!

MARC

LEADER 00000nam a22000003a 4500
001 0065604
003 SK-STU
005 20190401090515.6
007 ta
008 180614s ----xo-----e------000-0-----d
020 |a 978-80-87260-78-4 
040 |a STU  |b slo 
041 0 |a cze 
044 |a xr 
100 1 |a Berger, John  |4 aut 
245 1 0 |a Způsoby vidění /  |c aut. John Berger, Sven Blomberg, Chris Fox, Michael Dibbe, Richard Hollis 
250 |a 1. vydanie 
260 |a Praha :  |b Nakladatelství Labyrint,  |c 2016 
300 |a 150 s. 
650 0 7 |a zrakové vnímanie 
650 0 7 |a vizuálne vnímanie 
650 0 7 |a výtvarné umenie 
650 0 7 |a Fotografia 
650 0 7 |a reklama 
650 0 7 |a stereotypy 
700 1 |a Blomberg, Sven  |4 aut 
700 1 |a Fox, Chris  |4 aut 
700 1 |a Dibbe, Michael  |4 aut 
700 1 |a Hollis, Richard  |4 aut 
996 |b 284AU07555  |c A* 10803/U  |l AAKNAR  |s A  |a 24  |w 0065604_0001